Castanyes i castanyedes : Recomanacions Recomanacions
Descripción Física:
1 fulletó ; il·lustració color ; 10 x 21 cm
Materias:
Barcelona (Catalunya : Província). -- Xarxa de Parcs Naturals
; Natura -- Protecció
; Castanyer -- Protecció
; Fulletons
Idioma:
Catalán
MARC
| LEADER | 00000nam a22000007a 4500 | ||
|---|---|---|---|
| 001 | 28449 | ||
| 003 | AGDB | ||
| 005 | 20260324181523.0 | ||
| 008 | 240322b spa||||| |||| 00| 0 cat d | ||
| 017 | |a B 21708-2023 | ||
| 040 | |a agdb |b cat | ||
| 245 | |a Castanyes i castanyedes : |b Recomanacions | ||
| 260 | |a Barcelona : |b Diputació de Barcelona. Xarxa de Parcs Naturals ; |c 2023 | ||
| 300 | |a 1 fulletó ; |b il·lustració color ; |c 10 x 21 cm | ||
| 610 | 1 | 0 | |a Barcelona (Catalunya : Província). |b Xarxa de Parcs Naturals |9 7250 |
| 650 | 0 | |a Natura |x Protecció |9 40664 | |
| 650 | 0 | |a Castanyer |x Protecció |9 70608 | |
| 655 | 0 | |a Fulletons |9 55858 | |
| 710 | 1 | |a Barcelona (Catalunya : Província). |b Xarxa de Parcs Naturals |9 7250 | |
| 710 | 1 | |a Barcelona (Catalunya : Província). |b Gerència de Serveis d’Espais Naturals |9 52730 | |
| 942 | |2 udc |c ARXIU |n 1 | ||
| 952 | |0 0 |1 0 |4 0 |6 FU773 |7 1 |9 96880 |a Arxiu |b Arxiu |d 2024-03-22 |l 0 |o FU-77-3 |p 28449 |r 2024-03-22 00:00:00 |w 2024-03-22 |y ARXIU | ||
| 999 | |c 128724 |d 128724 | ||